Actitudes hacia el trabajo en la República Dominicana : (Registro nro. 8122)

Detalles MARC
000 -LIDER
fixed length control field 01461nam a2200397 a 4500
001 - NÚMERO DE CONTROL
Identificador de número de control 000016887
003 - IDENTIFICACDOR DE NÚMERO DE CONTROL
control field DO-SdBNP
005 - DATE AND TIME OF LATEST TRANSACTION
control field 20210715125650.0
007 - CAMPOS FIJOS DE DESCRIPCIÓN FÍSICA
fixed length control field 000016887
008 - ELEMENTOS DE LONGITUD FIJA
fixed length control field 100312s2006 dr ad 001 0 spa d
020 ## - ISBN
International Standard Book Number 9789945412208
040 ## - FUENTE DE CATALOGACIÓN
Agencia que crea de manera original el registro BPMSU
Idioma de catalogación spa
Agencia que realiza la transcripción BPMSU
082 #4 - NÚMERO DE CLASIFICACIÓN DECIMAL DE DEWEY
Classification number 331.11097293
Item number A188h
092 ## - LOCALLY ASSIGNED DEWEY DECIMAL CALL NUMBER
Número de clasificación
Número de ítem (Cutter)
245 00 - MENCIÓN DE TITULO
Título Actitudes hacia el trabajo en la República Dominicana :
Subtítulo reflexión sobre las percepciones y orientaciones en el mundo laboral /
Mención de responsabilidad Carlos Dore Cabral, [et al.].
260 ## - PUBLICACIÓN, DISTRIBUCIÓN, ETC. (PIE DE IMPRENTA)
Lugar de publicación, distribución, etc Santo Domingo :
Nombre del editor, distribuidor, etc. FUGLODE:
-- Instituto de Opinión Pública,
Fecha de publicación, distribución, etc 2006.
Impresor Amigo del Hogar
300 ## - DESCRIPCIÓN FÍSICA
Extensión 177 p. :
Otros detalles físicos il. ;
Dimensiones 28 cm.
500 ## - NOTA GENERAL
Nota general Informe sobre Encuesta y Opinión Pública Nacional 2005
504 ## - NOTA DE BIBLIOGRAFÍA, ETC.
Bibliography, etc Incluye referencias bibliográficas y notas al pie de las páginas.
504 ## - NOTA DE BIBLIOGRAFÍA, ETC.
Bibliography, etc Bibliografía: p. 173-176.
650 #4 - ENCABEZAMIENTO DE MATERIA--TEMÁTICO
Término temático o nombre geográfico como elemento de entrada TRABAJO Y TRABAJADORES
Subdivisión geográfica REPÚBLICA DOMINICANA
650 #4 - ENCABEZAMIENTO DE MATERIA--TEMÁTICO
Término temático o nombre geográfico como elemento de entrada MERCADO LABORAL
Subdivisión geográfica REPÚBLICA DOMINICANA
700 1# - ASIENTO SECUNDARIO -- NOMBRE PERSONAL
Nombre personal Dore Cabral, Carlos
700 1# - ASIENTO SECUNDARIO -- NOMBRE PERSONAL
Nombre personal Artiles, Leopordo
700 1# - ASIENTO SECUNDARIO -- NOMBRE PERSONAL
Nombre personal Cáceres, Francisco
700 1# - ASIENTO SECUNDARIO -- NOMBRE PERSONAL
Nombre personal Ortega, Pedro
710 1# - ASIENTO SECUNDARIO -- NOMBRE CORPORATIVO
Nombre corporativo o de jurisdicción Fundación Gobal Democracía y Desarrollo (República Dominicana)
910 ## - VALIDACIÓN
Validación Validado. Control de calidad BNPHU
930 #1 - EQUIVALENCE OR CROSS-REFERENCE-UNIFORM TITLE HEADING [LOCAL, CANADA]
Language of a work
Medium of performance for music
Medium
Field link and sequence number
Date of a work
Name of part/section of a work
Miscellaneous information
942 ## - ADDED ENTRY ELEMENTS (KOHA)
Source of classification or shelving scheme Dewey Decimal Classification
Koha item type Libros
945 ## - INFORMACIÓN DE PROCESAMIENTO LOCAL
Información de procesamiento local Inventario /2017 VM
956 ## - LOCAL ELECTRONIC LOCATION AND ACCESS (OCLC)
Nombre de host
Número de acceso
Información de compresión
Inicio de sesión
Procesador de solicitud
956 ## - LOCAL ELECTRONIC LOCATION AND ACCESS (OCLC)
Nombre de host
Número de acceso
Información de compresión
Inicio de sesión
Procesador de solicitud
956 ## - LOCAL ELECTRONIC LOCATION AND ACCESS (OCLC)
Nombre de host
Número de acceso
Información de compresión
Inicio de sesión
Procesador de solicitud
956 ## - LOCAL ELECTRONIC LOCATION AND ACCESS (OCLC)
Nombre de host VMATEO
Número de acceso 10
Información de compresión 20150807
Inicio de sesión BPMSU
Procesador de solicitud 00151
Existencias
Withdrawn status Lost status Source of classification or shelving scheme Damaged status Not for loan Collection code Home library Current library Date acquired Source of acquisition Full call number Barcode Date last seen Price effective from Koha item type Copy number
    Dewey Decimal Classification     Colección Dominicana Biblioteca Pública Metropolitana Salomé Ureña Biblioteca Pública Metropolitana Salomé Ureña 08/07/2015 Donado FUNGLODE BPMSU CD 331.11097293 A188h 2006 BPMSU15080217 08/07/2015 08/07/2015 Libros  
    Dewey Decimal Classification     Colección Dominicana Biblioteca Pública Metropolitana Salomé Ureña Biblioteca Pública Metropolitana Salomé Ureña 08/07/2015 Donado FUNGLODE BPMSU CD 331.11097293 A188h 2006 BPMSU21070002 07/15/2021 08/07/2015 Libros e.2